000 00643nam a22002177b 4500
003 3228
005 20250923115313.0
008 250923b sa ||||| |||| 00| 1 AFR d
020 _a0799303542 (hardback)
040 _aMPL
_beng
_c3228
_erda
041 _aAfrikaans
082 0 _aAF SWAR
100 _9105843
_a Swart, Lize
_eauthor
245 _aIn die sterre geskryf /
_cLize Swart
260 _aPretoria :
_bJ.P. van der Walt en Seun ,
_c1978.
300 _a152 pages :
_bjacket ;
_c21 cm.
655 0 _9189056
_aAfrikaans Fiction
655 0 _9189843
_aHospital Romance
655 0 _9188670
_aHuman Relations Fiction
942 _2ddc
_cBK
_w296
_xPhillipina Naude
_y296
_zPhillipina Naude
999 _c786387
_d786386